000 00591nam a2200205Ia 4500
005 20250508153223.0
008 008 250505s9999 xx 000 0 eng d
037 _aTextual
040 _aFEDL
_beng
_cFEDL
041 _aeng
_2eng
084 _a158, SAW
_qFEDL
100 _aSawrey James M.
245 0 _aDynamics of mental health : The psychology of adjustment
260 _aBoston, USA
_bAllyn and Bacon
_c1963
300 _ax,462p.
650 _aApplied Psychology
700 _a Telford Charles W.
_9763441
942 _cTEXL
_h158, SAW
999 _c1341339
_d1341339